000 00703nam a2200217Ii 4500
003 JO-AjNU
008 230605s9999||||xx |||||||||||||| ||und||
017 _a2010/11/4514
040 _aJO-AjNU
_bara
_erda
_cJO-AjNU
041 _aara
050 1 4 _aBP173.75 2011
100 3 _aخريس، ابراهيم,
_eauthor
_930624
245 0 0 _aالنظام المالي في الإسلام= Islamic Financial System
250 _aط1
264 3 1 _aعمان: دار الابرار للنشر والتوزيع، 2011
300 _a286ص
336 _atext
_btxt
_2rdacontent
337 _aunmediated
_bn
_2rdamedia
338 _avolume
_bnc
_2rdacarrier
650 4 _aالاقتصاد الاسلامي
_930625
999 _aA12161
_c15729
_d15729